English syntax : a grammar for English language professionals

Spremljeno u:
Bibliografski detalji
Glavni autor: Jacobs, Roderick A
Format: Knjiga
Izdano: Nxb Đà Nẵng 2003
Oznake: Dodaj oznaku
Bez oznaka, Budi prvi tko označuje ovaj zapis!
Thư viện lưu trữ: Mạng thư viện Đại học Đà Nẵng
LEADER 00866nam a2200253 a 4500
001 000041494
003 18434
005 20171030155812.0
008 171030s2003
020 |c 22000 
040 |a LNN 
082 0 |a 425  |b JA-R 
100 1 |a Jacobs, Roderick A 
245 0 0 |a English syntax : a grammar for English language professionals  |c Roderick A. Jacobs ; Nguyễn Văn Phước, Vũ Tài Hoa, First News. 
260 |b Nxb Đà Nẵng  |c 2003 
OWN |a LNN 
AVA |a UDN50  |b LNN  |d 425 JA-R  |e available  |t Error 5001 Not defined in file expand_doc_bib_avail.  |f 3  |g 0  |h N  |i 0  |k 1 
999 |a From the UDN01 
AVA |a UDN50  |b LNN  |d 425 JA-R  |e available  |t Error 5001 Not defined in file expand_doc_bib_avail.  |f 3  |g 0  |h N  |i 0  |k 1 
TYP |a Monograph 
TYP |a Printed language 
980 |a Mạng thư viện Đại học Đà Nẵng